[Event "Superettan(Rockaden,Sthlm II-Mark)"]
[Site "?"]
[Date "2009.10.24"]
[Round "1"]
[White "Svensson, Leif"]
[Black "Todorovic, Zoran"]
[Result "1/2-1/2"]
[WhiteElo "2232"]
[BlackElo "2168"]
[PlyCount "209"]

1. d4 Nf6 2. Nc3 d5 3. Bg5 e6 4. e4 dxe4 5. Nxe4 Be7 6. Bxf6 Bxf6 7. Nf3 Be7 8.
Qd2 O-O 9. O-O-O b6 10. Kb1 Bb7 11. Bd3 Nd7 12. Qe3 Rc8 13. Ne5 Nf6 14. Rhe1 g6
15. c3 Bd5 16. f4 c5 17. Nxf6+ Bxf6 18. dxc5 Bxe5 19. fxe5 Qh4 20. Be4 Bxe4+
21. Qxe4 Qxe4+ 22. Rxe4 Rxc5 23. Rd7 a5 24. a4 b5 25. axb5 Rxb5 26. Ka2 h5 27.
h4 Rfb8 28. Re2 Rc5 29. Rf2 Rf8 30. Re2 Kg7 31. Re3 Rc4 32. g3 Rc5 33. b3 g5
34. Rd4 Kg6 35. hxg5 Kxg5 36. c4 Rfc8 37. Rd7 a4 38. Rxf7 axb3+ 39. Kxb3 Rxc4
40. Rg7+ Kh6 41. Re7 R4c6 42. Rb7 Rc1 43. Kb2 R8c2+ 44. Kb3 Rb1+ 45. Kxc2 Rxb7
46. Rf3 Kg5 47. Rf6 Rb6 48. Kd2 Kg4 49. Rg6+ Kf5 50. Rh6 Kxe5 51. Rxh5+ Ke4 52.
Rh4+ Kf3 53. Rf4+ Kxg3 54. Rf6 Kg4 55. Ke3 Kg5 56. Rf8 Rb4 57. Rf7 Kg6 58. Rf8
Kg7 59. Rf1 Ra4 60. Rf2 Kg6 61. Rf8 Kg5 62. Rf7 Ra1 63. Rf8 Kg4 64. Ke2 Ra3 65.
Rf6 e5 66. Rf8 Kg5 67. Rf7 Rb3 68. Rf8 Kg6 69. Rf1 Ra3 70. Rf8 Ra1 71. Ke3 Re1+
72. Kf2 Re4 73. Kf3 Rb4 74. Ke3 Kg5 75. Rf7 Kg4 76. Rf8 Rb1 77. Rf7 Re1+ 78.
Kd3 Rd1+ 79. Ke4 Re1+ 80. Kd3 Kg3 81. Rf8 Rh1 82. Rf5 Re1 83. Rf8 Kg4 84. Rf7
Rd1+ 85. Ke4 Re1+ 86. Kd3 Ra1 87. Ke4 Re1+ 88. Kd3 Kg5 89. Rf8 Kg6 90. Rf2 Rd1+
91. Ke4 Re1+ 92. Kd3 Kg7 93. Rf5 Kg6 94. Rf8 Rh1 95. Ke4 Re1+ 96. Kd3 Kg7 97.
Rf2 Ra1 98. Ke4 Re1+ 99. Kd3 Kh6 100. Rg2 Kh5 101. Kd2 Re4 102. Kd3 Rf4 103.
Ke3 Rb4 104. Rg8 Kh6 105. Re8 1/2-1/2

[Event "Superettan(Rockaden,Sthlm II-Mark)"]
[Site "?"]
[Date "2009.10.24"]
[Round "1"]
[White "Nizov, Anton"]
[Black "Voigt, Lennart"]
[Result "1/2-1/2"]
[WhiteElo "2117"]
[BlackElo "2127"]
[PlyCount "83"]

1. d4 d5 2. c4 dxc4 3. Nf3 Nf6 4. e3 e6 5. Bxc4 c5 6. O-O a6 7. Bb3 b5 8. a4 b4
9. Nbd2 Bb7 10. a5 Nbd7 11. Qe2 Be7 12. e4 cxd4 13. e5 Nd5 14. Ne4 Qc7 15. Bg5
d3 16. Qxd3 Nxe5 17. Nxe5 Qxe5 18. Bxe7 Kxe7 19. Nc5 Qc7 20. Rac1 Rac8 21. Rfe1
Rhd8 22. Qd2 Qf4 23. Qe2 Kf8 24. Nxb7 Rxc1 25. Nxd8 Qg4 26. Kf1 Qg5 27. Bxd5
Rxe1+ 28. Kxe1 Qxd5 29. Qd2 Qe4+ 30. Qe2 Qb1+ 31. Qd1 Qe4+ 32. Kf1 Qc4+ 33. Kg1
Ke7 34. Nb7 Qc7 35. Qd2 Qxb7 36. Qg5+ Ke8 37. Qxg7 Qd5 38. h3 Qd1+ 39. Kh2 Qd6+
40. g3 Qd2 41. Kg2 Qd5+ 42. Kg1 1/2-1/2

[Event "Superettan(Rockaden,Sthlm II-Mark)"]
[Site "?"]
[Date "2009.10.24"]
[Round "1"]
[White "Oscarsson, Bo-Lennart"]
[Black "Revelj, Oskar"]
[Result "1-0"]
[WhiteElo "2172"]
[BlackElo "2114"]
[PlyCount "85"]
[EventDate "2009.??.??"]

1. e4 e6 2. d4 d5 3. exd5 exd5 4. Nf3 Nf6 5. Bg5 Be7 6. c4 O-O 7. Nc3 c6 8. Be2
dxc4 9. Bxc4 Nbd7 10. O-O Nb6 11. Ne5 Nxc4 12. Nxc4 Be6 13. b3 Nd5 14. Bxe7
Nxe7 15. Qd2 Nf5 16. Rad1 Qh4 17. Ne3 Rad8 18. d5 Nxe3 19. Qxe3 cxd5 20. Qxa7
d4 21. Nb5 Qg5 22. Nxd4 Bh3 23. Qxb7 Rd5 24. Qxd5 Qxd5 25. gxh3 Qa5 26. Rd3
Qxa2 27. Rfd1 Qa5 28. Nc6 Qc5 29. Nd4 Re8 30. Kf1 g6 31. Ne2 Qb5 32. Nd4 Qb7
33. Kg1 Ra8 34. Nf3 Qe4 35. Ng5 Qf5 36. Rg3 h6 37. Nf3 Rb8 38. Nd4 Qc5 39. Rdd3
Qa5 40. Nc6 Qh5 41. Rd5 Qxd5 42. Ne7+ Kf8 43. Nxd5 1-0

[Event "Superettan(Rockaden,Sthlm II-Mark)"]
[Site "?"]
[Date "2009.10.24"]
[Round "1"]
[White "Lindbom, Niclas"]
[Black "Hautajarvi, Jukka"]
[Result "0-1"]
[WhiteElo "1945"]
[BlackElo "2186"]
[PlyCount "112"]

1. e4 c6 2. d4 d5 3. Nc3 dxe4 4. Nxe4 Nd7 5. Nf3 Ndf6 6. Ng3 h5 7. h4 Bg4 8.
Be2 e6 9. c3 Bd6 10. Ne5 Bxe5 11. dxe5 Qxd1+ 12. Bxd1 Bxd1 13. exf6 Bc2 14.
fxg7 Rh7 15. Bg5 f6 16. Be3 Bg6 17. Rd1 Rxg7 18. O-O Rd7 19. Rxd7 Kxd7 20. f3
b6 21. Ne4 Ke7 22. a4 Rb8 23. a5 Bxe4 24. fxe4 bxa5 25. Ra1 Rxb2 26. Rxa5 Re2
27. Bc5+ Ke8 28. Bxa7 Rxe4 29. Rxh5 Rc4 30. Rc5 Rxh4 31. Rxc6 Kd7 32. Ra6 Rc4
33. Ra3 Ne7 34. Bf2 Nd5 35. Be1 Kd6 36. Bd2 Ke5 37. Kf2 Ke4 38. Ke2 e5 39. Rb3
Ra4 40. g3 f5 41. Rb8 Rc4 42. Rb3 Ra4 43. Rb2 Ra7 44. c4 Nf6 45. Rc2 Rh7 46.
Rc3 Rh2+ 47. Kd1 Kd4 48. Rf3 Ne4 49. Be3+ Kxc4 50. Rxf5 Kd3 51. Bg1 Rh1 52. Rf1
Nc3+ 53. Ke1 e4 54. Bc5 Rh5 55. Bb4 Rb5 56. Bxc3 e3 0-1

[Event "Superettan(Solna-Orebro)"]
[Site "?"]
[Date "2009.10.24"]
[Round "1"]
[White "Nygren, Kim"]
[Black "Lindberg, Bengt"]
[Result "0-1"]
[WhiteElo "2328"]
[BlackElo "2444"]
[PlyCount "81"]
[EventDate "2009.??.??"]
[SourceDate "2009.10.28"]

1. e4 c5 2. Nf3 e6 3. d4 cxd4 4. Nxd4 Nc6 5. Nb5 d6 6. c4 Nf6 7. N1c3 a6 8. Na3
Be7 9. Be2 O-O 10. O-O b6 11. Be3 Bb7 12. Qb3 Nd7 13. Rac1 Nc5 14. Qc2 Rc8 15.
Qb1 Nb4 16. Nc2 Nxc2 17. Qxc2 Qc7 18. b4 Nd7 19. b5 axb5 20. Nxb5 Qb8 21. Rfd1
Nc5 22. f3 Rfd8 23. Rd2 h6 24. Rcd1 Bc6 25. Qb1 Na4 26. Rc2 d5 27. exd5 exd5
28. Nd4 Bc5 29. Qb3 Qe5 30. f4 Qe8 31. cxd5 Bxd5 32. Bc4 Bxc4 33. Rxc4 Nb2 34.
Qxb2 Qxe3+ 35. Kf1 Qxf4+ 36. Qf2 Qxh2 37. Qf3 Rd6 38. Ke2 Re8+ 39. Kd3 Qe5 40.
Qg4 Bxd4 41. Rxd4 0-1

[Event "Superettan(Solna-Orebro)"]
[Site "?"]
[Date "2009.10.24"]
[Round "1"]
[White "Bergstrom, Christer"]
[Black "Fransson, Peter"]
[Result "1-0"]
[WhiteElo "2345"]
[BlackElo "2351"]
[PlyCount "103"]
[EventDate "2009.??.??"]

1. c4 Nf6 2. Nc3 g6 3. Nf3 Bg7 4. e4 d6 5. d4 O-O 6. Be2 e5 7. O-O Nc6 8. Be3
Ng4 9. Bg5 f6 10. Bh4 h5 11. h3 Nh6 12. dxe5 dxe5 13. Qc1 Qd7 14. Nd5 g5 15.
Nxg5 fxg5 16. Bxg5 Kh7 17. Bxh5 Ng8 18. f4 exf4 19. Rxf4 Bd4+ 20. Kh1 Qg7 21.
Rxf8 Qxf8 22. Qe1 Bxb2 23. Rd1 Be5 24. Qh4 Kg7 25. Be3 Qd8 26. Qf2 Be6 27. Nf4
Qf6 28. Qg3+ Kh7 29. Bg4 Bxg4 30. Qxg4 Rd8 31. Rxd8 Nxd8 32. Qh5+ Nh6 33. Qf3
Ndf7 34. g3 Bxf4 35. Qxf4 Qa1+ 36. Bg1 Qxa2 37. Qxc7 Qb1 38. Qf4 a5 39. e5 Qe1
40. Qf3 a4 41. Qd3+ Kg7 42. e6 Qxe6 43. Bd4+ Kf8 44. g4 Qd6 45. Qc3 a3 46. Bg7+
Ke8 47. c5 Qd5+ 48. Kh2 a2 49. Qa3 Ne5 50. Qa8+ Kf7 51. Qf8+ Ke6 52. Qe8# 1-0

[Event "Superettan(Solna-Orebro)"]
[Site "?"]
[Date "2009.10.24"]
[Round "1"]
[White "Drugge, Patrick"]
[Black "Jonsson, Mikael"]
[Result "1/2-1/2"]
[WhiteElo "2275"]
[BlackElo "2327"]
[PlyCount "42"]
[EventDate "2009.??.??"]

1. e4 e5 2. Nf3 Nc6 3. Bc4 Be7 4. c3 Nf6 5. d3 O-O 6. Bb3 d5 7. Qe2 dxe4 8.
dxe4 Bd6 9. h3 Ne7 10. Nbd2 Ng6 11. Nc4 Re8 12. g3 Bc5 13. Ng5 Re7 14. Ne3 Bxe3
15. Qxe3 h6 16. Nf3 Be6 17. Bxe6 Rxe6 18. Bd2 Nf4 19. O-O-O Nd3+ 20. Kc2 Rd6
21. Bc1 Nxc1 1/2-1/2

[Event "Superettan(Solna-Orebro)"]
[Site "?"]
[Date "2009.10.24"]
[Round "1"]
[White "Karlsson, Tomas"]
[Black "Lind, Jan-Olov"]
[Result "0-1"]
[WhiteElo "2300"]
[BlackElo "2202"]
[PlyCount "112"]
[EventDate "2009.??.??"]

1. e4 c5 2. Nf3 g6 3. Nc3 Bg7 4. g3 Nc6 5. Bg2 e6 6. O-O Nge7 7. d3 O-O 8. Bg5
h6 9. Be3 Nd4 10. Ne2 Nxe2+ 11. Qxe2 b6 12. c3 Bb7 13. Rad1 Qc7 14. Bf4 e5 15.
Bc1 d5 16. Rfe1 Rfe8 17. d4 exd4 18. exd5 Nxd5 19. Qxe8+ Rxe8 20. Rxe8+ Kh7 21.
cxd4 cxd4 22. Ree1 Nb4 23. Bf4 Qd8 24. a3 Qa8 25. Nh4 Bxg2 26. Nxg2 Nc6 27. Re2
g5 28. Bc1 Ne5 29. Ne1 Qd5 30. f4 Nf3+ 31. Nxf3 Qxf3 32. Ree1 d3 33. Be3 gxf4
34. gxf4 Qg4+ 35. Kf1 Qf5 36. Rd2 Be5 37. Rf2 Bf6 38. Rg2 Bh4 39. Rc1 Qe4 40.
Bd2 Qf3+ 41. Kg1 Bf6 42. h3 Qxh3 43. Rh2 Qf3 44. Rg2 Bxb2 45. Rc7 Bd4+ 46. Kh2
Qh5+ 47. Kg3 b5 48. Bc3 Bxc3 49. Rxc3 Qd1 50. Rc7 Kg7 51. Kf2+ Kf6 52. Ke3 Qb3
53. Rd2 Qe6+ 54. Kf3 Qd5+ 55. Ke3 Kf5 56. Rxd3 Qe4+ 0-1

[Event "Superettan(Solna-Orebro)"]
[Site "?"]
[Date "2009.10.24"]
[Round "1"]
[White "Blomstrom, Lars"]
[Black "Landgren, Andreas"]
[Result "1/2-1/2"]
[WhiteElo "2116"]
[BlackElo "2220"]
[PlyCount "113"]
[EventDate "2009.??.??"]

1. e4 c5 2. Nf3 d6 3. d4 cxd4 4. Nxd4 Nf6 5. Nc3 a6 6. g3 e6 7. Bg2 Be7 8. O-O
O-O 9. Be3 Nc6 10. Qe2 Qc7 11. Rad1 Bd7 12. a4 Nxd4 13. Bxd4 Bc6 14. f4 Rfe8
15. Bf2 Nd7 16. g4 Rab8 17. g5 b5 18. axb5 axb5 19. Qg4 Qb7 20. Nd5 Bf8 21.
Rfe1 b4 22. Nf6+ gxf6 23. gxf6+ Kh8 24. Qh4 Nxf6 25. Qxf6+ Bg7 26. Qh4 Rg8 27.
Rxd6 Bxb2 28. Bd4+ Bxd4+ 29. Rxd4 f5 30. Qf6+ Qg7 31. Qxg7+ Rxg7 32. Kf2 Rg4
33. Rd6 Ba4 34. Re2 Rbg8 35. Bf3 Rh4 36. Rb6 Rxh2+ 37. Ke3 Rxe2+ 38. Kxe2 Bxc2
39. Rxb4 Rd8 40. Rb6 fxe4 41. Bh1 e5 42. fxe5 Re8 43. e6 Kg7 44. Ke3 Kf6 45.
Bxe4 Bxe4 46. Kxe4 Rxe6+ 47. Rxe6+ Kxe6 48. Kf3 Kf5 49. Kg2 Kg4 50. Kh2 h5 51.
Kg2 h4 52. Kh2 h3 53. Kg1 Kg3 54. Kh1 Kh4 55. Kh2 Kg4 56. Kg1 Kg3 57. Kh1
1/2-1/2

[Event "Superettan(Solna-Orebro)"]
[Site "?"]
[Date "2009.10.24"]
[Round "1"]
[White "Johansson, Gunnar"]
[Black "Larsson, Patrik"]
[Result "1-0"]
[WhiteElo "2277"]
[BlackElo "2038"]
[PlyCount "35"]
[EventDate "2009.??.??"]

1. d4 d5 2. Nf3 Nc6 3. Bf4 Bg4 4. e3 e6 5. h3 Bh5 6. c4 Bd6 7. cxd5 exd5 8.
Bxd6 Qxd6 9. Nc3 Nf6 10. Be2 O-O 11. O-O Rfe8 12. a3 Ne4 13. Nxe4 Rxe4 14. Nd2
Bxe2 15. Nxe4 dxe4 16. Qxe2 a6 17. Rac1 Ne7 18. Qc2 1-0

[Event "Superettan(Solna-Orebro)"]
[Site "?"]
[Date "2009.10.24"]
[Round "1"]
[White "Iwraeus, Love"]
[Black "Steneskog, Per"]
[Result "1/2-1/2"]
[WhiteElo "1920"]
[BlackElo "2216"]
[PlyCount "136"]
[EventDate "2009.??.??"]

1. Nf3 d5 2. d4 Nf6 3. Bf4 c5 4. e3 Nc6 5. Nbd2 Qb6 6. dxc5 Qxb2 7. Rb1 Qc3 8.
Bb5 Bd7 9. Bxc6 Bxc6 10. O-O Qxc5 11. Nb3 Qb6 12. Nbd4 Qa6 13. Nxc6 bxc6 14. c4
e6 15. Qb3 Bc5 16. Qb7 Qxb7 17. Rxb7 O-O 18. Ne5 Rac8 19. Nd3 Ne4 20. f3 dxc4
21. Nxc5 Nxc5 22. Rxa7 Nd3 23. Ra4 Nxf4 24. exf4 Ra8 25. Rxc4 Rxa2 26. Rxc6 Rb8
27. g3 g5 28. Rf2 Rb1+ 29. Kg2 Rxf2+ 30. Kxf2 Rb2+ 31. Ke3 gxf4+ 32. Kxf4 Rxh2
33. Rc5 Kg7 34. Kg4 Kf6 35. f4 Kg6 36. Rg5+ Kf6 37. Rc5 Kg6 38. Rg5+ Kf6 39.
Rc5 h6 40. Re5 Rh1 41. Ra5 Kg6 42. Re5 Rf1 43. Re2 Rd1 44. Re5 Rd5 45. Re1 Rf5
46. Re2 Rh5 47. Re1 Rh2 48. Re5 Rh1 49. Re2 h5+ 50. Kf3 Rd1 51. Re5 Rd5 52. Re1
Kf5 53. Rh1 Rd3+ 54. Kf2 Kg6 55. Rh4 Rb3 56. Rh1 f6 57. Rh4 e5 58. fxe5 fxe5
59. Re4 Kf5 60. Rh4 Rb2+ 61. Kf3 Rb3+ 62. Kf2 Kg5 63. Re4 Rb5 64. Kf3 Ra5 65.
Kf2 Ra2+ 66. Ke3 Ra5 67. Kf2 Rc5 68. Ke3 Ra5 1/2-1/2

[Event "Superettan(Solna-Orebro)"]
[Site "?"]
[Date "2009.10.24"]
[Round "1"]
[White "Dalmau, Jorgen"]
[Black "Jonsson, Krister"]
[Result "1-0"]
[WhiteElo "2201"]
[BlackElo "2015"]
[PlyCount "43"]
[EventDate "2009.??.??"]

1. e4 c5 2. Nf3 e6 3. d4 cxd4 4. Nxd4 Nc6 5. Nc3 Qc7 6. Nxc6 bxc6 7. Bd3 Nf6 8.
O-O Be7 9. Be3 d6 10. f4 Bb7 11. Qe2 O-O 12. Rae1 Nd7 13. Rf3 f6 14. Rh3 Rf7
15. f5 Nf8 16. fxe6 Nxe6 17. e5 f5 18. exd6 Qxd6 19. Bc4 Bc8 20. Bf2 Rf6 21.
Rd3 Qc7 22. Re3 1-0

[Event "Superettan(Horndal-Mark)"]
[Site "?"]
[Date "2009.10.25"]
[Round "2"]
[White "Mohammadi, Amir"]
[Black "Olsson, Krister"]
[Result "1/2-1/2"]
[WhiteElo "2328"]
[BlackElo "2324"]
[PlyCount "36"]

1. e4 c5 2. Nc3 Nc6 3. g3 g6 4. Bg2 Bg7 5. d3 d6 6. Be3 e6 7. Qd2 Qa5 8. Nge2
Nd4 9. Nc1 Ne7 10. O-O O-O 11. Nb3 Qb4 12. Rab1 Nec6 13. f4 a5 14. Qf2 a4 15.
a3 Qb6 16. Nd2 Nxc2 17. Nc4 Qb3 18. Nd2 Qb6 1/2-1/2

[Event "Superettan(Horndal-Mark)"]
[Site "?"]
[Date "2009.10.25"]
[Round "2"]
[White "Angskog, Kent"]
[Black "Abdollahzadeh, Arash"]
[Result "0-1"]
[WhiteElo "2214"]
[BlackElo "2300"]
[PlyCount "64"]

1. e4 c5 2. Nc3 e6 3. Nge2 Nc6 4. g3 g6 5. d4 cxd4 6. Nxd4 d6 7. Bg2 a6 8. O-O
Nge7 9. Bg5 Bg7 10. Nxc6 bxc6 11. Qd2 Rb8 12. Rad1 Rxb2 13. e5 d5 14. Ne4 h6
15. Nd6+ Kf8 16. Bxe7+ Kxe7 17. f4 Qb6+ 18. Kh1 Rd8 19. Rf3 Bd7 20. Rb3 Rxb3
21. axb3 c5 22. h4 h5 23. Kh2 Bc6 24. c4 d4 25. Bxc6 Qxc6 26. Qa5 Rb8 27. Qa3
f6 28. Rxd4 fxe5 29. Rd2 exf4 30. Ne4 Qxe4 31. Qxc5+ Ke8 32. Qc7 fxg3+ 0-1

[Event "Superettan(Horndal-Mark)"]
[Site "?"]
[Date "2009.10.25"]
[Round "2"]
[White "Svensson, Sven"]
[Black "Bengts, Torleif"]
[Result "1/2-1/2"]
[WhiteElo "2291"]
[BlackElo "2200"]
[PlyCount "40"]

1. d4 Nf6 2. c4 c5 3. d5 e6 4. Nc3 exd5 5. cxd5 d6 6. e4 g6 7. f4 a6 8. Nf3 b5
9. a3 Bg7 10. e5 Ng4 11. h3 Nh6 12. Ne4 dxe5 13. fxe5 O-O 14. Bg5 Qa5+ 15. Kf2
c4 16. Qe1 Qxe1+ 17. Rxe1 Bb7 18. Rd1 Nd7 19. Nd6 Rfb8 20. Be3 Nf5 1/2-1/2

[Event "Superettan(Horndal-Mark)"]
[Site "?"]
[Date "2009.10.25"]
[Round "2"]
[White "Vaarala, Eric"]
[Black "Sixtensson, Mikael"]
[Result "1/2-1/2"]
[WhiteElo "2178"]
[BlackElo "2261"]
[PlyCount "26"]

1. e4 g6 2. Nc3 Bg7 3. d4 d6 4. h3 Nd7 5. Bc4 e6 6. Nf3 c6 7. O-O Ne7 8. d5
cxd5 9. exd5 e5 10. Ne4 Qc7 11. Bb3 h6 12. c4 f5 13. Nc3 O-O 1/2-1/2

[Event "Superettan(Horndal-Mark)"]
[Site "?"]
[Date "2009.10.25"]
[Round "2"]
[White "Svensson, Leif"]
[Black "Becker, Johnny"]
[Result "1/2-1/2"]
[WhiteElo "2232"]
[BlackElo "2142"]
[PlyCount "84"]

1. d4 g6 2. e4 Nf6 3. Nc3 d5 4. e5 Nh5 5. Bg5 h6 6. Be3 Ng7 7. f4 h5 8. Nf3 Nf5
9. Bf2 c6 10. Qd2 Qa5 11. Bd3 Na6 12. O-O Bd7 13. a3 Qc7 14. Qe2 Nb8 15. Ng5 e6
16. b4 b6 17. Rfb1 Be7 18. Nf3 Bc8 19. Nd2 Nd7 20. Nb3 Bb7 21. Nd1 O-O 22. g4
hxg4 23. Qxg4 Nh6 24. Qg2 Kh7 25. Nd2 a5 26. c3 axb4 27. axb4 c5 28. bxc5 bxc5
29. Nf3 Rxa1 30. Rxa1 cxd4 31. cxd4 Ra8 32. Rxa8 Bxa8 33. Be3 Qa5 34. Qc2 Bb7
35. h4 Ba6 36. Bxa6 Qxa6 37. h5 Nf5 38. hxg6+ fxg6 39. Bf2 Kg7 40. Nb2 Qa1+ 41.
Kg2 Nf8 42. Nd3 Qa3 1/2-1/2

[Event "Superettan(Horndal-Mark)"]
[Site "?"]
[Date "2009.10.25"]
[Round "2"]
[White "Eriksson, Magnus"]
[Black "Voigt, Lennart"]
[Result "1/2-1/2"]
[WhiteElo "2095"]
[BlackElo "2127"]
[PlyCount "54"]

1. d4 d5 2. c4 dxc4 3. e4 e5 4. Nf3 exd4 5. Bxc4 Nc6 6. Qb3 Bb4+ 7. Nbd2 Qe7 8.
O-O Nf6 9. e5 Ng4 10. Re1 Be6 11. Bxe6 Qxe6 12. Qxe6+ fxe6 13. Re4 Nh6 14. Nxd4
Nxd4 15. Rxd4 Bc5 16. Rc4 Bb6 17. Ne4 Nf7 18. Bf4 Rd8 19. Rac1 Rd5 20. Nc3 g5
21. Nxd5 exd5 22. e6 dxc4 23. exf7+ Kxf7 24. Bxg5 Re8 25. Kf1 Re5 26. Bf4 Ra5
27. a3 Rb5 1/2-1/2

[Event "Superettan(Horndal-Mark)"]
[Site "?"]
[Date "2009.10.25"]
[Round "2"]
[White "Oscarsson, Bo-Lennart"]
[Black "Wiker, Bo"]
[Result "0-1"]
[WhiteElo "2172"]
[BlackElo "2053"]
[PlyCount "86"]
[EventDate "2009.??.??"]

1. e4 d6 2. Nc3 Nf6 3. d4 g6 4. Bc4 Bg7 5. Qe2 e5 6. dxe5 dxe5 7. Nf3 Nbd7 8.
O-O O-O 9. Be3 a6 10. a4 Qe7 11. Rfd1 h6 12. a5 Nc5 13. Nd5 Nxd5 14. exd5 Kh7
15. Nd2 f5 16. c3 Nd7 17. f3 Re8 18. Ra3 Nf6 19. b4 Nh5 20. Re1 Bd7 21. g3 Rad8
22. Ba2 Qf6 23. Bf2 c6 24. c4 cxd5 25. cxd5 Bb5 26. Bc4 Rxd5 27. Bxb5 Rxb5 28.
Bc5 Qc6 29. Nc4 Re6 30. Rc3 e4 31. Rc2 Rxc5 32. bxc5 Qxc5+ 33. Kh1 Nf6 34. f4
Nd5 35. Rb1 Re7 36. Ne5 Qxa5 37. Rc8 Rc7 38. Rxc7 Qxc7 39. Qa2 Qc5 40. Rxb7
Qc1+ 41. Kg2 Ne3+ 42. Kh3 Qf1+ 43. Kh4 Ng2+ 0-1

[Event "Superettan(Horndal-Mark)"]
[Site "?"]
[Date "2009.10.25"]
[Round "2"]
[White "Seger, Goran"]
[Black "Hautajarvi, Jukka"]
[Result "1/2-1/2"]
[WhiteElo "2063"]
[BlackElo "2186"]
[PlyCount "85"]

1. e4 c6 2. d4 d5 3. Nc3 dxe4 4. Nxe4 Nd7 5. Nf3 Ndf6 6. Bd3 Nxe4 7. Bxe4 Nf6
8. Bd3 Bg4 9. c3 e6 10. O-O Qc7 11. h3 Bh5 12. Be2 Bd6 13. Be3 O-O 14. c4 Rfd8
15. Qc2 Rac8 16. Rfd1 Bg6 17. Bd3 a6 18. Bxg6 hxg6 19. Rac1 Qa5 20. Qb3 Rd7 21.
Ne5 Re7 22. Bd2 Qc7 23. Qe3 Rd8 24. Bc3 Bxe5 25. dxe5 Rxd1+ 26. Rxd1 Rd7 27.
Rd4 Rxd4 28. Qxd4 Nd7 29. Kf1 c5 30. Qe4 Nb8 31. f4 Qc6 32. Qd3 Nd7 33. b3 Kf8
34. a3 Ke8 35. Kf2 b5 36. Ba5 Ke7 37. h4 Ke8 38. Kg3 Ke7 39. Kf2 Ke8 40. Kg3
Kf8 41. Kf2 bxc4 42. bxc4 Kg8 43. Kg3 1/2-1/2

[Event "Superettan(En Passant-Orgryte)"]
[Site "?"]
[Date "2009.10.25"]
[Round "2"]
[White "Hultin, Johan"]
[Black "Unmack, Christian"]
[Result "1-0"]
[WhiteElo "2337"]
[BlackElo "2219"]
[PlyCount "89"]

1. d4 d5 2. c4 e6 3. Nc3 Be7 4. Nf3 Nf6 5. e3 O-O 6. b3 c5 7. Bb2 Qa5 8. dxc5
Rd8 9. Qc2 dxc4 10. Bxc4 Nd5 11. Bxd5 exd5 12. O-O Qxc5 13. Rac1 Nc6 14. Qb1
Qd6 15. Rfd1 Qe6 16. Ne2 Qg4 17. Ned4 Qh5 18. Qd3 Bg4 19. h3 Bd7 20. Ne2 Nb4
21. Qd4 Qh6 22. a3 Nc6 23. Qf4 Qg6 24. Qg3 Qxg3 25. Nxg3 Be6 26. Ne2 Rac8 27.
Ned4 Nxd4 28. Bxd4 Bxa3 29. Ra1 Bc5 30. Bxc5 Rxc5 31. Rxa7 Rb5 32. Nd4 Rb4 33.
Rc1 h6 34. Rc7 Rb8 35. Kh2 Kh7 36. h4 h5 37. Kg3 Kg6 38. Kf4 Kf6 39. f3 Bf5 40.
Ra5 Be6 41. Rb5 Rxb5 42. Nxb5 b6 43. Nd4 Bc8 44. g4 Kg6 45. Nc6 1-0

[Event "Superettan(En Passant-Orgryte)"]
[Site "?"]
[Date "2009.10.25"]
[Round "2"]
[White "Dahlin, Tomas"]
[Black "Ziegler, Ari"]
[Result "1/2-1/2"]
[WhiteElo "2150"]
[BlackElo "2403"]
[PlyCount "47"]

1. d4 Nf6 2. Nf3 g6 3. g3 Bg7 4. Bg2 O-O 5. O-O d6 6. b3 Nbd7 7. Bb2 c6 8. Nbd2
Re8 9. e4 e5 10. dxe5 dxe5 11. Re1 b5 12. a4 Bb7 13. Qe2 a6 14. h3 Qc7 15. Ba3
Bf8 16. Bxf8 Nxf8 17. b4 Ne6 18. c3 Rad8 19. Nb3 Rd7 20. Qe3 c5 21. Ng5 cxb4
22. Nxe6 Rxe6 23. cxb4 Rc6 24. Nc5 1/2-1/2

[Event "Superettan(En Passant-Orgryte)"]
[Site "?"]
[Date "2009.10.25"]
[Round "2"]
[White "Frisk Kockum, Anton"]
[Black "Carlsson, Christofer"]
[Result "1/2-1/2"]
[WhiteElo "2324"]
[BlackElo "2144"]
[PlyCount "87"]

1. d4 e6 2. Nf3 f5 3. c4 Nf6 4. g3 d5 5. Bg2 c6 6. O-O Be7 7. b3 Ne4 8. Ba3 Nd6
9. Nbd2 O-O 10. Ne5 Nd7 11. Nd3 Nf6 12. Qc2 a5 13. Nf3 Nfe4 14. Nfe5 Nf7 15.
Bxe7 Qxe7 16. Nxf7 Rxf7 17. Ne5 Rf6 18. f3 Nd6 19. e4 Rh6 20. Rae1 Qd8 21. exd5
exd5 22. c5 Ne8 23. Nd3 Re6 24. Nf4 Rxe1 25. Rxe1 g6 26. h4 Ng7 27. Re5 Bd7 28.
Qd2 Qc7 29. Qe3 Re8 30. Rxe8+ Bxe8 31. Kf2 Bf7 32. Bf1 b5 33. cxb6 Qxb6 34. Qc3
Ne6 35. Nxe6 Bxe6 36. Qc5 Qb4 37. Qxb4 axb4 38. Ke3 Kf7 39. Kf4 Kf6 40. g4 Bc8
41. Bd3 h6 42. g5+ hxg5+ 43. hxg5+ Ke6 44. Bf1 1/2-1/2

[Event "Superettan(En Passant-Orgryte)"]
[Site "?"]
[Date "2009.10.25"]
[Round "2"]
[White "Mansson, Peter"]
[Black "Arnelind, Mikael"]
[Result "1/2-1/2"]
[WhiteElo "2069"]
[BlackElo "2245"]
[PlyCount "84"]
[EventDate "2009.??.??"]

1. e4 e6 2. d4 d5 3. Nc3 Bb4 4. Qd3 Nf6 5. e5 Ne4 6. a3 Ba5 7. b4 Bb6 8. Nf3
Nxc3 9. Qxc3 h6 10. Bd3 Nc6 11. Be3 Ne7 12. Qd2 Nf5 13. O-O Bd7 14. a4 a5 15.
b5 Qe7 16. c3 Nh4 17. Nxh4 Qxh4 18. f4 g6 19. g3 Qe7 20. f5 exf5 21. Bxh6 c5
22. bxc6 Bxc6 23. Bg5 Qe6 24. g4 f4 25. Qxf4 Rh3 26. Rf3 Rxf3 27. Qxf3 Bd8 28.
Qf4 Bd7 29. h3 Rc8 30. Bxd8 Kxd8 31. Qg5+ Ke8 32. Qd2 Qc6 33. Ra3 Qb6 34. Qc2
Qd8 35. Kg2 Qg5 36. Ra1 Bxg4 37. hxg4 Qxg4+ 38. Kf2 Qh4+ 39. Ke2 Qh2+ 40. Ke3
Qh6+ 41. Ke2 Qh2+ 42. Ke1 Qg3+ 1/2-1/2

[Event "Superettan(En Passant-Orgryte)"]
[Site "?"]
[Date "2009.10.25"]
[Round "2"]
[White "Virolainen, Victor"]
[Black "Johansson, Roland"]
[Result "1-0"]
[WhiteElo "2207"]
[BlackElo "2013"]
[PlyCount "59"]
[EventDate "2009.??.??"]
[SourceDate "2009.10.28"]

1. d4 f5 2. c4 Nf6 3. Nf3 d6 4. g3 g6 5. Bg2 Bg7 6. O-O O-O 7. Nc3 Nc6 8. d5
Ne5 9. Qb3 a6 10. Bf4 Nh5 11. Bxe5 dxe5 12. Ng5 Bf6 13. Ne6 Bxe6 14. dxe6 Rb8
15. Rad1 Qc8 16. Rd7 Ng7 17. c5 c6 18. Na4 e4 19. Rfd1 g5 20. Nb6 Qe8 21. R7d2
f4 22. Bxe4 fxg3 23. hxg3 g4 24. Nd7 Bg5 25. e3 h5 26. Nxf8 Qxf8 27. Bg6 h4 28.
Bf7+ Kh8 29. Qc4 hxg3 30. Qxg4 1-0

[Event "Superettan(En Passant-Orgryte)"]
[Site "?"]
[Date "2009.10.25"]
[Round "2"]
[White "Akervall, Nils"]
[Black "Eksmyr, Johan"]
[Result "1/2-1/2"]
[WhiteElo "1972"]
[BlackElo "2149"]
[PlyCount "43"]
[SourceDate "2009.10.28"]

1. e4 c6 2. d4 d5 3. exd5 cxd5 4. Bd3 Nc6 5. c3 g6 6. f4 Bg7 7. Nf3 Bg4 8. O-O
Rc8 9. Be3 e6 10. Nbd2 Nge7 11. Qe1 h5 12. Bf2 Bf5 13. Qe3 Bxd3 14. Qxd3 Nf5
15. Ne5 Bh6 16. g3 Qc7 17. Ndf3 Nce7 18. Qb5+ Kf8 19. Ng5 Nd6 20. Qe2 Bxg5 21.
fxg5 Nc4 22. Nxc4 1/2-1/2

[Event "Superettan(En Passant-Orgryte)"]
[Site "?"]
[Date "2009.10.25"]
[Round "2"]
[White "Anderzen, Robert"]
[Black "Karlsson, Anders"]
[Result "0-1"]
[WhiteElo "1711"]
[BlackElo "1918"]
[PlyCount "58"]

1. e4 c5 2. Nf3 Nc6 3. d4 cxd4 4. Nxd4 Nf6 5. Nc3 e5 6. Ndb5 d6 7. Bg5 a6 8.
Na3 b5 9. Nd5 Be7 10. Bxf6 Bxf6 11. c3 Bg5 12. Nc2 Ne7 13. Nxe7 Qxe7 14. Nb4
Bb7 15. Nd5 Bxd5 16. Qxd5 O-O 17. Be2 Rac8 18. O-O Rc5 19. Qb3 Kh8 20. a4 Qb7
21. axb5 axb5 22. Qb4 f5 23. exf5 Rxf5 24. Bxb5 Rf8 25. c4 e4 26. Qa3 Qe7 27.
Rae1 Rcf5 28. Bc6 e3 29. Rxe3 Bxe3 0-1

[Event "Superettan(En Passant-Orgryte)"]
[Site "?"]
[Date "2009.10.25"]
[Round "2"]
[White "Sjofors, Holger"]
[Black "Forsberg, Jan-Olof"]
[Result "1/2-1/2"]
[WhiteElo "1914"]
[BlackElo "2158"]
[PlyCount "69"]

1. c4 c5 2. Nc3 Nf6 3. g3 d5 4. cxd5 Nxd5 5. Bg2 Nc7 6. Nf3 Nc6 7. O-O e5 8. d3
Be7 9. Nd2 Bd7 10. a4 O-O 11. Nc4 f6 12. f4 exf4 13. Bxf4 Be6 14. Bxc7 Qxc7 15.
Nd5 Qd7 16. Nxe7+ Nxe7 17. Qc1 Rac8 18. Kh1 Kh8 19. Qf4 Rfd8 20. b3 Bd5 21. e4
Ng6 22. Qe3 Bxc4 23. dxc4 Ne5 24. Qg1 Rc6 25. Rad1 Rd6 26. Rd5 Rxd5 27. exd5 b6
28. Qe3 Qg4 29. Be4 Qh5 30. Bf3 Nxf3 31. Qxf3 Qxf3+ 32. Rxf3 Re8 33. Kg2 Kg8
34. Kf2 Kf7 35. Rd3 1/2-1/2